[Event "NB2 Erkel csoport"]
[Site "Budapest"]
[Date "2024.12.01"]
[Round "3.7"]
[White "Huszar, Andras"]
[Black "Schreuder Peters, Misja"]
[Result "1-0"]
[WhiteElo "1798"]
[BlackElo "1936"]
[PlyCount "77"]
[GameId "2119679251988740"]
[EventDate "2024.11.03"]
[EventType "team-tourn"]
[EventRounds "11"]
[EventCountry "HUN"]
[Source "chess.hu"]
[WhiteTeam "Egri Bolyky BastyaSE"]
[BlackTeam "Morihana-Honved ASE"]
[WhiteTeamCountry "HUN"]
[BlackTeamCountry "HUN"]

1. d4 Nf6 2. Nf3 g6 3. c4 Bg7 4. Nc3 d5 5. e3 O-O 6. Be2 c5 7. b3 cxd4 8. exd4 Nc6 9. O-O Bg4 10. Be3 Qa5 11. Rc1 Rfd8 12. c5 Rd7 13. Ne5 Bxe2 14. Qxe2 Nxe5 15. dxe5 Ne8 16. Bd4 Nc7 17. a4 Ne6 18. Qe3 Rc8 19. Nb5 Nd8 20. Nxa7 Ra8 21. c6 bxc6 22. Nxc6 Qa6 23. Bb6 Ne6 24. a5 d4 25. Qf3 Bh6 26. Nb4 Qb7 27. Qxb7 Rxb7 28. Rc4 Rd7 29. Nd3 Bd2 30. b4 Bc3 31. Rd1 Rd5 32. g3 g5 33. Nc5 Rxe5 34. Nxe6 Rxe6 35. Bxd4 Bxd4 36. Rcxd4 Kg7 37. Rd5 f6 38. Ra1 Re2 39. a6 1-0

[Event "NB2 Erkel csoport"]
[Site "Budapest"]
[Date "2024.12.01"]
[Round "3.8"]
[White "Deli, Kristof"]
[Black "Prepelita, Kevin Gabriel"]
[Result "1-0"]
[WhiteElo "1895"]
[BlackElo "1657"]
[PlyCount "71"]
[GameId "2119679300628757"]
[EventDate "2024.11.03"]
[EventType "team-tourn"]
[EventRounds "11"]
[EventCountry "HUN"]
[Source "chess.hu"]
[WhiteTeam "Morihana-Honved ASE"]
[BlackTeam "Egri Bolyky BastyaSE"]
[WhiteTeamCountry "HUN"]
[BlackTeamCountry "HUN"]

1. e4 e5 2. Nf3 Nc6 3. Bb5 d6 4. O-O Nf6 5. Re1 Be7 6. h3 O-O 7. c3 a6 8. Ba4 b5 9. Bb3 Na5 10. Bc2 c5 11. d4 exd4 12. cxd4 Bb7 13. d5 Nd7 14. Nc3 Nc4 15. Rb1 Nde5 16. Nxe5 Nxe5 17. f4 Ng6 18. Be3 Bh4 19. Rf1 Bg3 20. Qf3 Bh4 21. Ne2 Bf6 22. g4 h6 23. Kh1 Qe7 24. Ng3 Nh4 25. Qf2 Rae8 26. Qd2 Qd8 27. Nh5 Qa8 28. Nxf6+ gxf6 29. Rbd1 Re7 30. Qf2 Ng6 31. f5 Ne5 32. Bxh6 Rfe8 33. Qh4 Nd7 34. g5 Nf8 35. Bxf8 Rxf8 36. gxf6 1-0

[Event "NB2 Erkel csoport"]
[Site "Budapest"]
[Date "2024.12.01"]
[Round "3.9"]
[White "Szego, Krisztian"]
[Black "Csetneki, Mark"]
[Result "1/2-1/2"]
[WhiteElo "1791"]
[BlackElo "1883"]
[PlyCount "48"]
[GameId "2119679347503397"]
[EventDate "2024.11.03"]
[EventType "team-tourn"]
[EventRounds "11"]
[EventCountry "HUN"]
[Source "chess.hu"]
[WhiteTeam "Egri Bolyky BastyaSE"]
[BlackTeam "Morihana-Honved ASE"]
[WhiteTeamCountry "HUN"]
[BlackTeamCountry "HUN"]

1. d4 d5 2. Nf3 c6 3. Bf4 Nd7 4. Nbd2 Ngf6 5. e3 g6 6. Bd3 Bg7 7. O-O O-O 8. c4 Qb6 9. Qb3 Qxb3 10. axb3 Nh5 11. Be5 Nxe5 12. dxe5 f6 13. cxd5 cxd5 14. e4 Nf4 15. Bc2 fxe5 16. exd5 Bf5 17. Be4 Rfd8 18. Rfe1 Bxe4 19. Rxe4 Rxd5 20. Nc4 Nd3 21. Nb6 Nc5 22. Nxd5 Nxe4 23. Nxe7+ Kf8 24. Nd5 Rd8 1/2-1/2

[Event "NB2 Erkel csoport"]
[Site "Budapest"]
[Date "2024.12.01"]
[Round "3.10"]
[White "Kozma, Edit"]
[Black "Kovacs, Kolos Rego"]
[Result "1-0"]
[WhiteElo "1810"]
[BlackElo "1580"]
[PlyCount "55"]
[GameId "2119679383437621"]
[EventDate "2024.11.03"]
[EventType "team-tourn"]
[EventRounds "11"]
[EventCountry "HUN"]
[Source "chess.hu"]
[WhiteTeam "Morihana-Honved ASE"]
[BlackTeam "Egri Bolyky BastyaSE"]
[WhiteTeamCountry "HUN"]
[BlackTeamCountry "HUN"]

1. e4 e5 2. Nf3 Nc6 3. Bb5 a6 4. Bxc6 dxc6 5. O-O Bd6 6. d4 f6 7. dxe5 fxe5 8. Nxe5 Nf6 9. Nf3 Bg4 10. e5 Bxf3 11. Qxf3 Bxe5 12. Re1 Nd7 13. Qh5+ g6 14. Qh6 Qe7 15. f4 Qb4 16. c3 Qc5+ 17. Be3 Qd5 18. fxe5 O-O-O 19. Nd2 Nxe5 20. Bd4 Nf7 21. Qh3+ Kb8 22. Bxh8 Qxd2 23. Bf6 Rf8 24. b4 Nd6 25. Bd4 Nc4 26. Rad1 Qxa2 27. Bc5 Rc8 28. Qxc8+ 1-0

[Event "NB2 Erkel csoport"]
[Site "Budapest"]
[Date "2024.12.01"]
[Round "3.11"]
[White "Prokaj, Dominik Denes"]
[Black "Golya, David"]
[Result "0-1"]
[WhiteElo "1606"]
[BlackElo "1632"]
[PlyCount "64"]
[GameId "2119679418601797"]
[EventDate "2024.11.03"]
[EventType "team-tourn"]
[EventRounds "11"]
[EventCountry "HUN"]
[Source "chess.hu"]
[WhiteTeam "Egri Bolyky BastyaSE"]
[BlackTeam "Morihana-Honved ASE"]
[WhiteTeamCountry "HUN"]
[BlackTeamCountry "HUN"]

1. e4 c5 2. c3 d5 3. exd5 Qxd5 4. d4 cxd4 5. cxd4 e5 6. Be3 Nc6 7. Nf3 Bg4 8. Be2 exd4 9. Bxd4 Nxd4 10. Nc3 Nxf3+ 11. Bxf3 Qxd1+ 12. Bxd1 Bxd1 13. Nxd1 Bb4+ 14. Ke2 Nf6 15. Ne3 O-O 16. Rac1 Rfe8 17. Rhd1 Ng4 18. Rc4 Nxe3 19. fxe3 Bf8 20. Rc7 Re7 21. Rxe7 Bxe7 22. Rd7 Bc5 23. Rxb7 Re8 24. Rb3 f5 25. Kf3 Kf7 26. h4 g6 27. Rc3 Bb6 28. Rd3 Rd8 29. Rxd8 Bxd8 30. g3 Bc7 31. g4 fxg4+ 32. Kxg4 h5+ 0-1

[Event "NB2 Erkel csoport"]
[Site "Budapest"]
[Date "2024.12.01"]
[Round "3.12"]
[White "Szamoskozi, Peter"]
[Black "Kovacs, Rebeka Zsofia"]
[Result "0-1"]
[WhiteElo "1786"]
[BlackElo "1601"]
[PlyCount "64"]
[GameId "2119679541285209"]
[EventDate "2024.11.03"]
[EventType "team-tourn"]
[EventRounds "11"]
[EventCountry "HUN"]
[Source "chess.hu"]
[WhiteTeam "Morihana-Honved ASE"]
[BlackTeam "Egri Bolyky BastyaSE"]
[WhiteTeamCountry "HUN"]
[BlackTeamCountry "HUN"]

1. e4 e5 2. Nc3 Bc5 3. f4 d6 4. Nf3 Nc6 5. Bc4 h6 6. Bd5 Nge7 7. f5 Nxd5 8. Nxd5 O-O 9. d3 Nb4 10. Nxb4 Bxb4+ 11. Bd2 Bc5 12. Qe2 a5 13. O-O-O c6 14. g4 a4 15. a3 b5 16. Be3 Bb6 17. g5 h5 18. Nh4 Bxe3+ 19. Qxe3 c5 20. g6 Qxh4 21. gxf7+ Rxf7 22. Rdg1 Qf4 23. Qxf4 exf4 24. Rg5 d5 25. Rhg1 dxe4 26. dxe4 Raa7 27. Rxh5 Rf6 28. Rh3 Re7 29. Rd3 Rxe4 30. Rd8+ Rf8 31. Rgd1 Bxf5 32. R8d5 Rc4 0-1

[Event "NB2 Erkel csoport"]
[Site "Budapest"]
[Date "2024.12.15"]
[Round "4.1"]
[White "Csati, Oliver"]
[Black "Feher, Gyula"]
[Result "1/2-1/2"]
[WhiteElo "2161"]
[BlackElo "2305"]
[PlyCount "26"]
[GameId "2124766690882754"]
[EventDate "2024.11.03"]
[EventType "team-tourn"]
[EventRounds "11"]
[EventCountry "HUN"]
[Source "chess.hu"]
[WhiteTeam "Morihana-Honved ASE"]
[BlackTeam "Sport Muhely SE"]
[WhiteTeamCountry "HUN"]
[BlackTeamCountry "HUN"]

1. e4 c5 2. Nf3 d6 3. d4 cxd4 4. Nxd4 Nf6 5. Nc3 a6 6. h3 e5 7. Nf3 Qc7 8. a4 h6 9. Nh2 Be6 10. Ng4 Nbd7 11. Ne3 Be7 12. Be2 Rc8 13. O-O O-O 1/2-1/2

[Event "NB2 Erkel csoport"]
[Site "Budapest"]
[Date "2024.12.15"]
[Round "4.2"]
[White "Farago, Sandor"]
[Black "Horvath, Zoltan"]
[Result "0-1"]
[WhiteElo "2020"]
[BlackElo "2295"]
[PlyCount "156"]
[GameId "2124766727840978"]
[EventDate "2024.11.03"]
[EventType "team-tourn"]
[EventRounds "11"]
[EventCountry "HUN"]
[Source "chess.hu"]
[WhiteTeam "Sport Muhely SE"]
[BlackTeam "Morihana-Honved ASE"]
[WhiteTeamCountry "HUN"]
[BlackTeamCountry "HUN"]

1. e4 c5 2. Nf3 e6 3. Nc3 Nc6 4. g3 a6 5. a4 Qc7 6. Bg2 Nf6 7. O-O Be7 8. Re1 d6 9. d4 cxd4 10. Nxd4 O-O 11. h3 Rd8 12. Be3 Na5 13. Rb1 Bd7 14. f4 Rac8 15. Bf2 e5 16. Nde2 b5 17. axb5 axb5 18. Rc1 b4 19. Nd5 Nxd5 20. exd5 Bf5 21. c3 b3 22. Ra1 Bc2 23. Qc1 Ra8 24. fxe5 dxe5 25. d6 Bxd6 26. Bxa8 Rxa8 27. Qe3 Rc8 28. Qf3 Bc5 29. Bxc5 Qxc5+ 30. Kh2 e4 31. Qf4 Nc4 32. Nd4 Bd3 33. Nxb3 Qb6 34. Nd4 Qxb2+ 35. Kh1 Qxc3 36. Nf5 Re8 37. Rac1 Qe5 38. Qxe5 Rxe5 39. Ne3 Nd6 40. Rc6 Re6 41. Rec1 g6 42. Rb6 Bb5 43. Rc5 Bd7 44. g4 Ne8 45. Rb7 Bc6 46. Rb8 Kf8 47. Rb6 Bd7 48. Rb7 Bc6 49. Ra7 Rd6 50. Kg1 Rd7 51. Ra3 Bb7 52. Kf2 f6 53. Nc4 Ke7 54. Nb6 Rd6 55. Nc8+ Bxc8 56. Rxc8 f5 57. Ke3 Nf6 58. Kf4 Ke6 59. gxf5+ gxf5 60. Kg5 h6+ 61. Kf4 Nd5+ 62. Kg3 Ke5 63. Re8+ Kd4 64. Kf2 Rb6 65. Ra4+ Kd3 66. Rd8 Rb2+ 67. Kg3 f4+ 68. Kg4 Rg2+ 69. Kf5 Rg5+ 70. Ke6 f3 71. Ra3+ Ke2 72. Rxd5 f2 73. Ra2+ Kf3 74. Rd8 e3 75. Rf8+ Kg2 76. Re2 Rg3 77. Ke5 Rf3 78. Rg8+ Kxh3 0-1

[Event "NB2 Erkel csoport"]
[Site "Budapest"]
[Date "2024.12.15"]
[Round "4.3"]
[White "Hangay, Oliver"]
[Black "Meszaros, Andras"]
[Result "0-1"]
[WhiteElo "2082"]
[BlackElo "2171"]
[PlyCount "96"]
[GameId "2124766763676898"]
[EventDate "2024.11.03"]
[EventType "team-tourn"]
[EventRounds "11"]
[EventCountry "HUN"]
[Source "chess.hu"]
[WhiteTeam "Morihana-Honved ASE"]
[BlackTeam "Sport Muhely SE"]
[WhiteTeamCountry "HUN"]
[BlackTeamCountry "HUN"]

1. e4 e5 2. Nf3 Nc6 3. Bb5 a6 4. Ba4 Be7 5. O-O d6 6. c4 Bf6 7. Nc3 Bd7 8. Bxc6 bxc6 9. d4 exd4 10. Nxd4 Ne7 11. Be3 O-O 12. Qc2 Qb8 13. Rad1 c5 14. Nde2 Bc6 15. Rd2 Re8 16. Nd5 Nxd5 17. exd5 Bd7 18. Ng3 g6 19. Re1 Qb4 20. Rde2 Rab8 21. b3 Bc3 22. Rc1 Bg7 23. Rce1 Qc3 24. Qxc3 Bxc3 25. Rc1 Bb4 26. Rec2 Ba3 27. Rf1 a5 28. Bc1 Bxc1 29. Rfxc1 a4 30. Rc3 Rb4 31. Rd1 Kg7 32. f3 f5 33. Kf2 Kf6 34. f4 axb3 35. axb3 Ra8 36. Nf1 Ra2+ 37. Kf3 Rb2 38. Rdd3 g5 39. fxg5+ Kxg5 40. Nd2 Be8 41. h4+ Kf6 42. Rc1 Bh5+ 43. Kf2 Rb8 44. Re1 f4 45. Re6+ Kf7 46. Ke1 Ra8 47. Re4 Ra1+ 48. Kf2 Bg6 0-1

[Event "NB2 Erkel csoport"]
[Site "Budapest"]
[Date "2024.12.15"]
[Round "4.4"]
[White "Muranyi, Peter"]
[Black "Nagy, Ervin Dr."]
[Result "1/2-1/2"]
[WhiteElo "2058"]
[BlackElo "2092"]
[PlyCount "93"]
[GameId "2124766805132530"]
[EventDate "2024.11.03"]
[EventType "team-tourn"]
[EventRounds "11"]
[EventCountry "HUN"]
[Source "chess.hu"]
[WhiteTeam "Sport Muhely SE"]
[BlackTeam "Morihana-Honved ASE"]
[WhiteTeamCountry "HUN"]
[BlackTeamCountry "HUN"]

1. d4 Nf6 2. c4 e6 3. Nc3 Bb4 4. g3 c5 5. Nf3 b6 6. Bg2 Bb7 7. dxc5 Bxc5 8. O-O O-O 9. Bf4 d5 10. cxd5 Nxd5 11. Nxd5 Qxd5 12. Qxd5 Bxd5 13. Ne5 Bxg2 14. Kxg2 f6 15. Nd3 Be7 16. Rac1 Na6 17. a3 Rfd8 18. Rc6 e5 19. Be3 Rac8 20. Rfc1 Rxc6 21. Rxc6 Rd6 22. Rc8+ Rd8 23. Rc4 Rd7 24. f4 exf4 25. gxf4 Nc7 26. Kf3 Kf7 27. Bf2 Ne8 28. Rc3 Rc7 29. Rxc7 Nxc7 30. e4 Ke6 31. Ke3 f5 32. e5 Nd5+ 33. Kf3 g5 34. fxg5 Bxg5 35. Bd4 Ne7 36. Nb4 Ng6 37. Nd3 Kd5 38. Bc3 a5 39. b3 a4 40. Nb4+ Ke6 41. bxa4 Bf4 42. Bd4 Bxh2 43. Bxb6 Nxe5+ 44. Kg2 Nc4 45. Kxh2 Nxb6 46. a5 Na8 47. Kg3 1/2-1/2

[Event "NB2 Erkel csoport"]
[Site "Budapest"]
[Date "2024.12.15"]
[Round "4.6"]
[White "Torok, Tamas Titusz"]
[Black "Demjen, Mark"]
[Result "1/2-1/2"]
[WhiteElo "1981"]
[BlackElo "1995"]
[PlyCount "69"]
[GameId "2124766865216790"]
[EventDate "2024.11.03"]
[EventType "team-tourn"]
[EventRounds "11"]
[EventCountry "HUN"]
[Source "chess.hu"]
[WhiteTeam "Sport Muhely SE"]
[BlackTeam "Morihana-Honved ASE"]
[WhiteTeamCountry "HUN"]
[BlackTeamCountry "HUN"]

1. e4 e5 2. Nf3 Nc6 3. c3 d6 4. Bb5 Bd7 5. d4 a6 6. Bc4 Be7 7. h3 Nf6 8. d5 Na7 9. Bd3 b5 10. b3 O-O 11. O-O c6 12. c4 Qc8 13. Bb2 Qb7 14. Bc3 cxd5 15. cxd5 b4 16. Bb2 Nb5 17. a4 Nc7 18. Nbd2 a5 19. Nc4 Rfe8 20. Nfxe5 dxe5 21. d6 Bd8 22. dxc7 Bxc7 23. Qe2 Bc6 24. Rfe1 Rad8 25. Rad1 Nxe4 26. Bxe4 Rxd1 27. Rxd1 Bxe4 28. Rd7 Bc6 29. Nd6 Qb8 30. Nxe8 Bxd7 31. Nxc7 Qxc7 32. Bxe5 Qc1+ 33. Kh2 Qc6 34. Qe3 f6 35. Bd4 1/2-1/2

[Event "NB2 Erkel csoport"]
[Site "Budapest"]
[Date "2024.12.15"]
[Round "4.7"]
[White "Csetneki, Mark"]
[Black "Borda, Lajos"]
[Result "1/2-1/2"]
[WhiteElo "1883"]
[BlackElo "1967"]
[PlyCount "47"]
[GameId "2124767092770176"]
[EventDate "2024.11.03"]
[EventType "team-tourn"]
[EventRounds "11"]
[EventCountry "HUN"]
[Source "chess.hu"]
[WhiteTeam "Morihana-Honved ASE"]
[BlackTeam "Sport Muhely SE"]
[WhiteTeamCountry "HUN"]
[BlackTeamCountry "HUN"]

1. d4 Nf6 2. c4 e6 3. Nf3 d5 4. g3 b6 5. Bg2 Bb7 6. O-O Be7 7. b3 O-O 8. Bb2 Ne4 9. Nbd2 Nxd2 10. Qxd2 Nd7 11. Rfd1 a5 12. Rac1 a4 13. Ne1 axb3 14. axb3 c6 15. Nd3 Ra2 16. b4 Nf6 17. c5 Ba6 18. Ne5 Bb5 19. Ra1 Rxa1 20. Rxa1 Qc7 21. e3 Qb7 22. Qc3 Ra8 23. Rxa8+ Qxa8 24. Qa3 1/2-1/2

[Event "NB2 Erkel csoport"]
[Site "Budapest"]
[Date "2024.12.15"]
[Round "4.8"]
[White "Metaxasz, Vaszilisz"]
[Black "Demjen, Attila"]
[Result "1-0"]
[WhiteElo "1930"]
[BlackElo "1900"]
[PlyCount "43"]
[GameId "2124767060444528"]
[EventDate "2024.11.03"]
[EventType "team-tourn"]
[EventRounds "11"]
[EventCountry "HUN"]
[Source "chess.hu"]
[WhiteTeam "Sport Muhely SE"]
[BlackTeam "Morihana-Honved ASE"]
[WhiteTeamCountry "HUN"]
[BlackTeamCountry "HUN"]

1. c4 Nf6 2. Nc3 g6 3. g3 Bg7 4. Bg2 O-O 5. e4 d6 6. Nge2 c6 7. O-O Nbd7 8. d3 Rb8 9. h3 b6 10. Be3 Bb7 11. f4 Ne8 12. Qd2 Nc7 13. Rad1 c5 14. d4 cxd4 15. Bxd4 Bxd4+ 16. Nxd4 Nc5 17. f5 Nd7 18. Qh6 Ne5 19. Rf4 f6 20. fxg6 Nxg6 21. Rg4 Qe8 22. h4 1-0

[Event "NB2 Erkel csoport"]
[Site "Budapest"]
[Date "2024.12.15"]
[Round "4.9"]
[White "Kozma, Edit"]
[Black "Kunszt, Kazmer"]
[Result "1/2-1/2"]
[WhiteElo "1810"]
[BlackElo "1910"]
[PlyCount "50"]
[GameId "2124767026783584"]
[EventDate "2024.11.03"]
[EventType "team-tourn"]
[EventRounds "11"]
[EventCountry "HUN"]
[Source "chess.hu"]
[WhiteTeam "Morihana-Honved ASE"]
[BlackTeam "Sport Muhely SE"]
[WhiteTeamCountry "HUN"]
[BlackTeamCountry "HUN"]

1. e4 c5 2. Nf3 Nc6 3. Bb5 g6 4. O-O Bg7 5. c3 e5 6. Re1 Nge7 7. Na3 O-O 8. Bf1 b6 9. Nc2 d5 10. d3 h6 11. Be3 Kh7 12. b4 cxb4 13. cxb4 d4 14. Bd2 Be6 15. b5 Na5 16. Bxa5 bxa5 17. a4 a6 18. Na3 axb5 19. axb5 Qd7 20. Nd2 Rfb8 21. Ndc4 Nc8 22. Qd2 Nd6 23. Nxd6 Qxd6 24. Nc4 Bxc4 25. dxc4 Qb6 1/2-1/2

[Event "NB2 Erkel csoport"]
[Site "Budapest"]
[Date "2024.12.15"]
[Round "4.10"]
[White "Meszaros, Attila"]
[Black "Golya, Mate"]
[Result "1/2-1/2"]
[WhiteElo "1915"]
[BlackElo "1750"]
[PlyCount "55"]
[GameId "2124766987294032"]
[EventDate "2024.11.03"]
[EventType "team-tourn"]
[EventRounds "11"]
[EventCountry "HUN"]
[Source "chess.hu"]
[WhiteTeam "Sport Muhely SE"]
[BlackTeam "Morihana-Honved ASE"]
[WhiteTeamCountry "HUN"]
[BlackTeamCountry "HUN"]

1. Nf3 d5 2. g3 Nf6 3. Bg2 g6 4. O-O Bg7 5. d4 O-O 6. Nbd2 Re8 7. b3 c6 8. Bb2 Nbd7 9. h3 Qc7 10. Re1 Ne4 11. e3 Ndf6 12. Nxe4 Nxe4 13. Nd2 Nxd2 14. Qxd2 e5 15. dxe5 Bxe5 16. Bxe5 Qxe5 17. c3 Be6 18. e4 dxe4 19. Rxe4 Qf6 20. Rae1 Red8 21. Qe3 a6 22. c4 Rd7 23. Qc1 Rad8 24. R4e2 Qf5 25. Kh2 h5 26. Qe3 Kg7 27. Qc3+ Qf6 28. Qxf6+ 1/2-1/2

[Event "NB2 Erkel csoport"]
[Site "Budapest"]
[Date "2024.12.15"]
[Round "4.11"]
[White "Szamoskozi, Peter"]
[Black "Gerendai, Laszlo"]
[Result "0-1"]
[WhiteElo "1786"]
[BlackElo "1883"]
[PlyCount "66"]
[GameId "2124766954100022"]
[EventDate "2024.11.03"]
[EventType "team-tourn"]
[EventRounds "11"]
[EventCountry "HUN"]
[Source "chess.hu"]
[WhiteTeam "Morihana-Honved ASE"]
[BlackTeam "Sport Muhely SE"]
[WhiteTeamCountry "HUN"]
[BlackTeamCountry "HUN"]

1. e4 d5 2. exd5 Qxd5 3. Nc3 Qa5 4. d4 Nf6 5. Nf3 Bf5 6. Bc4 e6 7. a3 c6 8. Bf4 Nd5 9. Bxd5 cxd5 10. O-O Be7 11. Be5 O-O 12. h3 Nc6 13. Bf4 Rac8 14. g4 Bg6 15. Ne2 Qd8 16. c3 Bd6 17. Bxd6 Qxd6 18. h4 h5 19. gxh5 Bxh5 20. Ng3 Bg4 21. Re1 e5 22. Qd3 e4 23. Nxe4 dxe4 24. Qxe4 Bxf3 25. Qxf3 Rce8 26. Qg4 Re6 27. Kh1 Rfe8 28. Rxe6 Qxe6 29. Qg3 Qd5+ 30. Kh2 Re6 31. Kh3 Qf5+ 32. Kh2 Rg6 33. Qe3 Rg4 0-1

[Event "NB2 Erkel csoport"]
[Site "Budapest"]
[Date "2024.12.15"]
[Round "4.12"]
[White "Hangyal, Dora"]
[Black "Hangay, Tibor"]
[Result "1/2-1/2"]
[WhiteElo "1625"]
[BlackElo "1774"]
[PlyCount "115"]
[GameId "2124766902170918"]
[EventDate "2024.11.03"]
[EventType "team-tourn"]
[EventRounds "11"]
[EventCountry "HUN"]
[Source "chess.hu"]
[WhiteTeam "Sport Muhely SE"]
[BlackTeam "Morihana-Honved ASE"]
[WhiteTeamCountry "HUN"]
[BlackTeamCountry "HUN"]

1. e4 e5 2. Nf3 Nc6 3. Bc4 Be7 4. Nc3 Nf6 5. O-O d6 6. d3 Na5 7. Bb3 Nxb3 8. axb3 a6 9. h3 O-O 10. Bg5 c5 11. Qd2 Be6 12. Bxf6 Bxf6 13. Nd5 Bd7 14. b4 Re8 15. bxc5 dxc5 16. Qa5 Rc8 17. c4 Qxa5 18. Nxf6+ gxf6 19. Rxa5 Kh8 20. Nd2 Rc6 21. Nb3 Rec8 22. Rd1 f5 23. exf5 Bxf5 24. f3 R8c7 25. Kf2 Bc8 26. g4 b6 27. Raa1 a5 28. Nd2 Rh6 29. Kg3 f5 30. Nb1 Rd6 31. Ra3 e4 32. fxe4 fxe4 33. Kf2 Rf7+ 34. Ke2 Rfd7 35. Rd2 Bb7 36. dxe4 Bxe4 37. Rxd6 Rxd6 38. Nd2 Bg2 39. h4 Rd4 40. Rg3 Bb7 41. h5 Ba6 42. b3 a4 43. bxa4 Bxc4+ 44. Nxc4 Rxc4 45. Rb3 Rxg4 46. Rxb6 Rxa4 47. h6 Kg8 48. Kd3 Kf7 49. Rc6 Rd4+ 50. Ke3 Rd5 51. Ke4 Rh5 52. Kf4 c4 53. Kg4 Rh1 54. Rxc4 Rxh6 55. Rc7+ Kg8 56. Kg5 Rg6+ 57. Kf5 Rd6 58. Kg5 1/2-1/2

[Event "NB2 Erkel csoport"]
[Site "Budapest"]
[Date "2024.12.15"]
[Round "4.1"]
[White "Mirza, Solyom"]
[Black "Miszler, Levente"]
[Result "0-1"]
[WhiteElo "2077"]
[BlackElo "2254"]
[PlyCount "56"]
[GameId "2123409747059304"]
[EventDate "2024.11.03"]
[EventType "team-tourn"]
[EventRounds "11"]
[EventCountry "HUN"]
[Source "chess.hu"]
[WhiteTeam "Vaci SC"]
[BlackTeam "EUTender-Sinus-SDSE"]
[WhiteTeamCountry "HUN"]
[BlackTeamCountry "HUN"]

1. e4 e6 2. d4 d5 3. Nc3 Nf6 4. Bg5 dxe4 5. Nxe4 Be7 6. Bxf6 gxf6 7. Nf3 f5 8. Nc3 a6 9. Qe2 b5 10. O-O-O b4 11. Na4 Qd5 12. c4 Qa5 13. b3 Bd7 14. Nb2 Qxa2 15. Qe5 Rg8 16. d5 a5 17. Bd3 Bd6 18. Qe3 Qxb3 19. Kb1 a4 20. Nd4 Bc5 21. dxe6 fxe6 22. Qe5 Bxd4 23. Qxd4 Nc6 24. Qxd7+ Kxd7 25. Bc2+ Ke7 26. Bxb3 axb3 27. g3 Ra2 28. Kc1 Ne5 0-1

[Event "NB2 Erkel csoport"]
[Site "Budapest"]
[Date "2024.12.15"]
[Round "4.2"]
[White "Nemeth, Zalan"]
[Black "Trajber, Csaba Dr."]
[Result "1-0"]
[WhiteElo "2286"]
[BlackElo "1991"]
[PlyCount "31"]
[GameId "2123409784963704"]
[EventDate "2024.11.03"]
[EventType "team-tourn"]
[EventRounds "11"]
[EventCountry "HUN"]
[Source "chess.hu"]
[WhiteTeam "EUTender-Sinus-SDSE"]
[BlackTeam "Vaci SC"]
[WhiteTeamCountry "HUN"]
[BlackTeamCountry "HUN"]

1. c4 e5 2. g3 Nf6 3. Bg2 h6 4. Nf3 Nc6 5. O-O Rb8 6. Nc3 d6 7. d4 Bd7 8. d5 Na5 9. Nd2 c5 10. a3 b5 11. cxb5 Bxb5 12. b4 cxb4 13. axb4 Nc4 14. Nxb5 Nxd2 15. Bxd2 Rxb5 16. Rxa7 1-0

[Event "NB2 Erkel csoport"]
[Site "Budapest"]
[Date "2024.12.15"]
[Round "4.3"]
[White "Tornai, Imre"]
[Black "Szieberth, Adam"]
[Result "0-1"]
[WhiteElo "1969"]
[BlackElo "2251"]
[PlyCount "60"]
[GameId "2123409833378440"]
[EventDate "2024.11.03"]
[EventType "team-tourn"]
[EventRounds "11"]
[EventCountry "HUN"]
[Source "chess.hu"]
[WhiteTeam "Vaci SC"]
[BlackTeam "EUTender-Sinus-SDSE"]
[WhiteTeamCountry "HUN"]
[BlackTeamCountry "HUN"]

1. d4 Nf6 2. c4 c5 3. d5 g6 4. Nc3 Bg7 5. e4 d6 6. f4 e5 7. Qa4+ Bd7 8. Qb3 exf4 9. Bxf4 O-O 10. O-O-O Qc7 11. e5 dxe5 12. d6 Qb6 13. Qxb6 axb6 14. Bxe5 Bh6+ 15. Kb1 Ng4 16. Nf3 Nf2 17. Nd5 f6 18. Nxf6+ Rxf6 19. Bxf6 Nxd1 20. Be2 Bf5+ 21. Ka1 Ne3 22. b3 Nd7 23. Bc3 Nxg2 24. Rg1 Nf4 25. Bd1 Re8 26. Nh4 Kf7 27. Bf3 Re6 28. Bxb7 Ne2 29. Nxf5 gxf5 30. Bd5 Nxg1 0-1

[Event "NB2 Erkel csoport"]
[Site "Budapest"]
[Date "2024.12.15"]
[Round "4.4"]
[White "Lehmann, Zoltan"]
[Black "Torok, Tamas"]
[Result "1-0"]
[WhiteElo "2272"]
[BlackElo "1923"]
[PlyCount "119"]
[GameId "2123409870455448"]
[EventDate "2024.11.03"]
[EventType "team-tourn"]
[EventRounds "11"]
[EventCountry "HUN"]
[Source "chess.hu"]
[WhiteTeam "EUTender-Sinus-SDSE"]
[BlackTeam "Vaci SC"]
[WhiteTeamCountry "HUN"]
[BlackTeamCountry "HUN"]

1. c4 c6 2. Nf3 d5 3. e3 Nf6 4. b3 Bg4 5. Bb2 e6 6. Be2 Be7 7. O-O O-O 8. d3 Bxf3 9. Bxf3 Nbd7 10. Nd2 Re8 11. Rc1 Rc8 12. Qc2 Nf8 13. e4 dxe4 14. dxe4 Ng6 15. Rfd1 Qc7 16. c5 b5 17. cxb6 axb6 18. Nc4 b5 19. Bxf6 gxf6 20. Ne3 Ba3 21. Rb1 Qf4 22. Be2 Qg5 23. b4 c5 24. Rb3 Bxb4 25. Bxb5 Red8 26. Nc4 Rxd1+ 27. Qxd1 Kg7 28. a3 Rd8 29. Qc2 Bd2 30. h4 Qh6 31. Rd3 Rxd3 32. Qxd3 Bf4 33. g3 Be5 34. a4 Bd4 35. a5 Qc1+ 36. Kg2 Qe1 37. Qc2 Ne5 38. Nxe5 Qxa5 39. Nxf7 Kxf7 40. Qe2 Qb6 41. Qh5+ Kg7 42. Qg4+ Kf7 43. Bc4 Qc6 44. h5 h6 45. f3 Qb6 46. Kh3 Be5 47. Qg6+ Ke7 48. Qg7+ Kd6 49. Qf8+ Kc7 50. Qxh6 Qb1 51. Bxe6 Qh1+ 52. Kg4 Qg2 53. Qh7+ Kb6 54. f4 Bxf4 55. Kxf4 Qf2+ 56. Kg4 Qe2+ 57. Kh4 Qh2+ 58. Bh3 Qd2 59. Qf5 Qd6 60. Qe6 1-0

[Event "NB2 Erkel csoport"]
[Site "Budapest"]
[Date "2024.12.15"]
[Round "4.5"]
[White "Slezak, Robert"]
[Black "Gara-Tarnoczi, Peter"]
[Result "1/2-1/2"]
[WhiteElo "1990"]
[BlackElo "2176"]
[PlyCount "36"]
[GameId "2123409911358120"]
[EventDate "2024.11.03"]
[EventType "team-tourn"]
[EventRounds "11"]
[EventCountry "HUN"]
[Source "chess.hu"]
[WhiteTeam "Vaci SC"]
[BlackTeam "EUTender-Sinus-SDSE"]
[WhiteTeamCountry "HUN"]
[BlackTeamCountry "HUN"]

1. e4 e6 2. d4 d5 3. Nd2 Nf6 4. e5 Nfd7 5. f4 c5 6. c3 Nc6 7. Ngf3 Qb6 8. Nb3 a5 9. a4 cxd4 10. cxd4 f6 11. Bb5 Be7 12. O-O O-O 13. Kh1 Rd8 14. Bd2 Nb4 15. Bc3 Nf8 16. Nbd2 Bd7 17. Bxd7 Rxd7 18. Nb1 Ng6 1/2-1/2